Rozvinutý poistný trh – jeden z determinantov ekonomickej vyspelosti krajiny

Ekonomická vyspelosť vybraných krajín V4 (Českej, Slovenskej a Poľskej republiky) a Európskej únie. Poistný trh vybraných krajín V4 a EÚ.

Gespeichert in:
Bibliographische Detailangaben
1. Verfasser: Vachálková, Ingrid
Format: Buchkapitel
Sprache:Slowakisch
Schlagworte:
Tags: Tag hinzufügen
Keine Tags, Fügen Sie das erste Tag hinzu!

MARC

LEADER 00000nla a2200000 4500
001 0214229
005 20240417075105.5
041 0 |a slo 
044 |a CZ 
245 1 0 |a Rozvinutý poistný trh – jeden z determinantov ekonomickej vyspelosti krajiny  |c Ingrid Vachálková 
520 |a Ekonomická vyspelosť vybraných krajín V4 (Českej, Slovenskej a Poľskej republiky) a Európskej únie. Poistný trh vybraných krajín V4 a EÚ. 
610 2 0 |a produkt domáci hrubý 
610 2 0 |a Vyšehradská štvorka 
610 2 0 |a rast hospodársky 
610 2 0 |a porovnanie medzinárodné 
610 2 0 |a trh poistný 
100 1 |a Vachálková, Ingrid